Library Banner

Substance abuse disorders : (Record no. 124751)

MARC details
000 -LEADER
fixed length control field 00858cam a2200265 a 4500
001 - CONTROL NUMBER
control field 16423384
005 - DATE AND TIME OF LATEST TRANSACTION
control field 20211123091723.0
008 - FIXED-LENGTH DATA ELEMENTS--GENERAL INFORMATION
fixed length control field 100819s2011 enkab b 001 0 eng
020 ## - INTERNATIONAL STANDARD BOOK NUMBER
International Standard Book Number 9780470745106 (cloth)
020 ## - INTERNATIONAL STANDARD BOOK NUMBER
International Standard Book Number 047074510X (cloth)
040 ## - CATALOGING SOURCE
Transcribing agency PK-LaUMT
082 00 - DEWEY DECIMAL CLASSIFICATION NUMBER
Classification number 616.86
Edition number 22
Item number SUB-
245 00 - TITLE STATEMENT
Title Substance abuse disorders :
Remainder of title evidence and experience /
Statement of responsibility, etc edited by Hamid Ghodse ... [et al.]
260 ## - PUBLICATION, DISTRIBUTION, ETC. (IMPRINT)
Place of publication, distribution, etc Chichester, West Sussex, UK ;
-- Hoboken, NJ :
Name of publisher, distributor, etc Wiley-Blackwell,
Date of publication, distribution, etc 2011
300 ## - PHYSICAL DESCRIPTION
Extent xv, 307 p. :
Other physical details ill., map ;
Dimensions 25 cm.
490 1# - SERIES STATEMENT
Series statement WPA series
650 #0 - SUBJECT ADDED ENTRY--TOPICAL TERM
Topical term or geographic name as entry element Substance abuse.
650 #0 - SUBJECT ADDED ENTRY--TOPICAL TERM
Topical term or geographic name as entry element Substance abuse
General subdivision Etiology.
650 #0 - SUBJECT ADDED ENTRY--TOPICAL TERM
Topical term or geographic name as entry element Substance abuse
General subdivision Treatment.
650 12 - SUBJECT ADDED ENTRY--TOPICAL TERM
Topical term or geographic name as entry element Substance-Related Disorders.
650 22 - SUBJECT ADDED ENTRY--TOPICAL TERM
Topical term or geographic name as entry element Alcohol-Related Disorders.
650 22 - SUBJECT ADDED ENTRY--TOPICAL TERM
Topical term or geographic name as entry element Tobacco Use Disorder.
700 1# - ADDED ENTRY--PERSONAL NAME
Personal name Ghodse, Hamid.
942 ## - ADDED ENTRY ELEMENTS (KOHA)
Koha item type Books
Holdings
Withdrawn status Lost status Damaged status Home library Current library Date acquired Full call number Barcode Date last seen Price effective from Koha item type
      UMT Health Sciences Campus UMT Health Sciences Campus 2021-11-23 616.86 SUB- 139695 2021-11-23 2021-11-23 Books